000 01970nam0a2200361 4500
001 RU\NLR\bibl\211659
005 20250619101052.0
010 _a5-215-01219-9
_9100
021 _aRU
_b2001-34865
_91660
035 _a(NLR Aleph) 000207866
090 _a1206049
_c1206049
100 _a20011129d2001 |||y0rusy50 ca
101 0 _arus
102 _aRU
105 _aa |||||||||
200 1 _aЭффективность сбережения ресурсов в городском хозяйстве
_eУчеб. пособие для студентов специальности "Гос. и муницип. упр."-061000 специализации "Муницип. упр."-061002, специальности "Менеджмент орг."-061100 специализации "Упр. в гор. хоз-ве"-061166
_fА. С. Садыков
_gМ-во образования Рос. Федерации, Гос. ун-т упр., Ин-т гос. и муницип. упр.
210 _aМ.
_cГУУ
_d2001
215 _a56 с.
_cил.
_d21
320 _aБиблиогр.: с. 55-56
606 0 _aГородское хозяйство
_jРуководства, пособия и т.п. для высшей школы
_xРазвитие
_yРоссийская Федерация
_92102830
_3RU\NLR\auth\661271584
606 0 _aГородское хозяйство
_jУчебные издания для высшей школы
_xРазвитие
_yРоссийская Федерация
_92102830
_3RU\NLR\auth\661271584
610 0 _aГородское хозяйство - Режим экономики
675 _a658.18(075.8)
_v3
_zrus
686 _a06.81
_2rugasnti
686 _a65.2/.4-5я73
_2rubbk
686 _aУ44(2)135.1я73
700 1 _aСадыков
_gАльгизар Садыкович
_4070
801 0 _aRU
_bRKP
_c20011129
_gPSBO
801 1 _aRU
_bRKP
_c20011129
801 2 _aRU
_bNLR
_c20020103
_grcr
942 _cBOOK
980 _aNB